| 000 | 00564nam a2200193 i 4500 | ||
|---|---|---|---|
| 001 | 149546 | ||
| 003 | ES-MaACL | ||
| 005 | 20240502063046.0 | ||
| 007 | t| | ||
| 008 | 071023s1986 sp ||||1| spa d | ||
| 100 | 0 |
_aVázquez Montalbán, Manuel, _d1939- _9113463 |
|
| 245 | 1 | 3 |
_aEl matarife / _cManuel Vázquez Montalbán. |
| 260 |
_a[Madrid] : _bAlmarabú, _c1986. |
||
| 300 |
_a57 p. ; _c16 cm. |
||
| 490 | 1 |
_aTextos tímidos ; _v1 |
|
| 830 | 0 |
_aTextos tímidos ; _v1 _9187568 |
|
| 852 |
_aES-MaACL _jL-10743 _bR.112413 |
||
| 999 |
_c149546 _d149546 |
||